| 000 | 00406nam a2200133Ia 4500 | ||
|---|---|---|---|
| 005 | 20260328104302.0 | ||
| 008 | 260328s9999||||xx |||||||||||||| ||und|| | ||
| 100 | _aOppenheimer, Andrés | ||
| 245 | 0 |
_a¡Basta de Historia! : _b la obsesión Latinoamericana con el pasado, y las doce claves del Futuro / _cAndrés Oppenheimer |
|
| 260 | _bDebate | ||
| 300 | _a422 p. | ||
| 650 | _aHISTORIA | ||
| 942 | _cBK | ||
| 999 |
_c10639 _d10639 |
||